Теоретические и экспериментальные исследования по определению оптимальных параметров, необходимых для разработки и эксплуатиции пакеров в поисково-разведочных скважинах на нефть и газ: Диссертация на соискание ученой степени кандидата технических наук; Спец. 04.138

Detalles Bibliográficos
Autor Principal: Беленьков А. Ф.
Autor Corporativo: Сибирский научно-исследовательский институт геологии, геофизики и минерального сырья (СНИИГГиМС)
Outros autores: Лапшин П. С. (научный руководитель)
Idioma:ruso
Publicado: Новосибирск, 1971
Subjects:
Formato: MixedMaterials Libro
KOHA link:https://koha.lib.tpu.ru/cgi-bin/koha/opac-detail.pl?biblionumber=133324

MARC

LEADER 00000nbm0a2200000 4500
001 133324
005 20231031135303.0
035 |a (RuTPU)RU\TPU\book\144468 
090 |a 133324 
100 |a 20080314d1971 k y0rusy50 ca 
101 0 |a rus 
102 |a RU 
105 |a a m 001zy 
200 1 |a Теоретические и экспериментальные исследования по определению оптимальных параметров, необходимых для разработки и эксплуатиции пакеров в поисково-разведочных скважинах на нефть и газ  |e Диссертация на соискание ученой степени кандидата технических наук  |e Спец. 04.138  |f А. Ф. Беленьков  |g Сибирский научно-исследовательский институт геологии, геофизики и минерального сырья (СНИИГГиМС) ; науч. рук. П. С. Лапшин 
210 |a Новосибирск  |d 1971 
215 |a 174 л.  |c ил. 
320 |a Библиогр.: с. 146-158 (157 назв.) 
610 1 |a диссертации 
610 1 |a поисково-разведочные работы 
610 1 |a разведочные скважины 
610 1 |a нефть 
610 1 |a газ 
610 1 |a пакеры 
610 1 |a разработка 
610 1 |a параметры 
610 1 |a экспериментальное исследование 
610 1 |a классификация пакеров 
610 1 |a технико-экономическая эффективность 
675 |a 622.323.245(04)  |v 3 
686 |a 04.138  |2 oksvnk 
700 1 |a Беленьков  |b А. Ф. 
702 1 |a Лапшин  |b П. С.  |4 727 
712 0 2 |a Сибирский научно-исследовательский институт геологии, геофизики и минерального сырья (СНИИГГиМС)  |c (Новосибирск)  |2 stltpush  |3 (RuTPU)RU\TPU\col\322 
801 1 |a RU  |b 63413507  |c 20080314  |g PSBO 
942 |c BK